[Event "Bad Woerishofen op 17th"]
[Site "Bad Woerishofen"]
[Date "2001.??.??"]
[Round "4"]
[White "Hempel, Olaf"]
[Black "Born, Ludger"]
[Result "1-0"]
[WhiteElo "2146"]
[BlackElo "1800"]
[PlyCount "91"]
[EventDate "2001.03.15"]
[EventType "swiss"]
[EventRounds "9"]
[EventCountry "GER"]
[SourceTitle "CBM 081 Extra"]
[Source "ChessBase"]
[SourceDate "2001.05.06"]
[SourceVersion "1"]
[SourceVersionDate "2001.05.06"]
[SourceQuality "1"]

1. c4 e5 2. Nc3 Nc6 3. Nf3 Nf6 4. d4 exd4 5. Nxd4 Nxd4 6. Qxd4 Be7 7. g3 0-0 8. Bg2 d6 9. 0-0 Re8 10. b3 Nd7 11. Nd5 Bf8 12. e4 c6 13. Nf4 Qf6 14. Bb2 Qxd4 15. Bxd4 Ne5 16. Rad1 b6 17. Bb2 Bb7 18. Rd2 c5 19. Nd5 Bxd5 20. Rxd5 f6 21. Rd2 Rad8 22. h3 Be7 23. f4 Ng6 24. h4 Kh8 25. Kf2 Bf8 26. Kf3 a6 27. h5 Ne7 28. Bh3 Nc6 29. h6 b5 30. hxg7+ Kxg7 31. Bf5 Be7 32. Rh1 Rh8 33. Be6 Rb8 34. g4 Kg6 35. Ke3 h6 36. Rdh2 Kg7 37. Rh5 Nd8 38. Bd5 Nf7 39. Rf5 Rbf8 40. Rg1 Rh7 41. Rg2 b4 42. Kf2 Bd8 43. g5 hxg5 44. fxg5 Ne5 45. gxf6+ Kh8 46. f7 1-0